Lost in the reeds / (Запис № 520665)

МАРК-запис
000 -LEADER
fixed length control field 01534cam a2200361 a 4500
001 - CONTROL NUMBER
control field lostinreeds00huls
003 - CONTROL NUMBER IDENTIFIER
control field CaSfIA
005 - DATE AND TIME OF LATEST TRANSACTION
control field 20210118165428.0
007 - PHYSICAL DESCRIPTION FIXED FIELD--GENERAL INFORMATION
fixed length control field cr||||
008 - FIXED-LENGTH DATA ELEMENTS--GENERAL INFORMATION
fixed length control field 820305s1980 onca j 000 1 eng
040 ## - CATALOGING SOURCE
Original cataloging agency NLC
Language of cataloging eng
Transcribing agency NLC
Modifying agency OCL
-- NLGGC
-- CaSfIA
016 ## - NATIONAL BIBLIOGRAPHIC AGENCY CONTROL NUMBER
Record control number 820023329
016 ## - NATIONAL BIBLIOGRAPHIC AGENCY CONTROL NUMBER
Record control number B8290155
Source bccb
020 ## - INTERNATIONAL STANDARD BOOK NUMBER
International Standard Book Number 0888157665 :
Terms of availability $2.95
020 ## - INTERNATIONAL STANDARD BOOK NUMBER
International Standard Book Number 9780888157669
035 ## - SYSTEM CONTROL NUMBER
System control number (OCoLC)15921929
041 1# - LANGUAGE CODE
Language code of text/sound track or separate title eng
Language code of original and/or intermediate translations of text dut
055 02 - CLASSIFICATION NUMBERS ASSIGNED IN CANADA
Classification number PT5844*
055 00 - CLASSIFICATION NUMBERS ASSIGNED IN CANADA
Classification number PT5844 H85
Item number T8713Juv
082 0# - DEWEY DECIMAL CLASSIFICATION NUMBER
Classification number 839.3/13/64
Edition number 19
029 0# - (OCLC)
OCLC library identifier NLC
System control number 820023329
029 1# - (OCLC)
OCLC library identifier NLGGC
System control number 832335568
100 1# - MAIN ENTRY--PERSONAL NAME
Personal name Hulst, W. G. van de
Fuller form of name (Willem Gerrit van de),
Dates associated with a name b. 1879.
245 10 - TITLE STATEMENT
Title Lost in the reeds /
Medium [electronic resource]
Statement of responsibility, etc by W.G. Vandehulst, Jr. ; illustrated by the author ; [translated by Johannes De Viet].
260 ## - PUBLICATION, DISTRIBUTION, ETC. (IMPRINT)
Place of publication, distribution, etc St. Catharines, Ont. :
Name of publisher, distributor, etc Paideia Press,
Date of publication, distribution, etc c1980.
300 ## - PHYSICAL DESCRIPTION
Extent 93 p. :
Other physical details ill. ;
Dimensions 21 cm.
500 ## - GENERAL NOTE
General note Translation of: Tussen het gele riet.
506 ## - RESTRICTIONS ON ACCESS NOTE
Standardized terminology for access restriction Необхідна авторизація на https://archive.org/ (створення облікового запису безкоштовно)
506 ## - RESTRICTIONS ON ACCESS NOTE
Standardized terminology for access restriction Необхідна авторизація на https://openlibrary.org/ (створення облікового запису безкоштовно)
856 41 - ELECTRONIC LOCATION AND ACCESS
Uniform Resource Identifier <a href="http://www.archive.org/details/lostinreeds00huls">http://www.archive.org/details/lostinreeds00huls</a>
Public note Free eBook from the Internet Archive
856 42 - ELECTRONIC LOCATION AND ACCESS
Uniform Resource Identifier <a href="http://www.openlibrary.org/books/OL24212925M">http://www.openlibrary.org/books/OL24212925M</a>
Public note Additional information and access via Open Library
942 ## - ADDED ENTRY ELEMENTS (KOHA)
Koha item type ЕКнига

Немає доступних примірників.